TROUVER LE PAYS VAINQUEURS DE CHAQUE EDITION DE CDM - Statistiques

Statistiques générales
  • Ce quiz a été pris 316 fois
  • Le résultat moyen est 22 sur 22
Statistiques - réponses
Année vainqueurs % Correct
2022 Argentine
100%
1986 Argentine
100%
1978 Argentine
100%
2002 Brésil
100%
1994 Brésil
100%
1970 Brésil
100%
1962 Brésil
100%
1958 Brésil
100%
2018 France
100%
1998 France
100%
2014 Allemagne
99%
1990 Allemagne de l'Ouest
99%
1974 Allemagne de l'Ouest
99%
1954 Allemagne de l'Ouest
99%
2010 Espagne
99%
2006 Italie
99%
1982 Italie
99%
1938 Italie
99%
1934 Italie
99%
1950 Uruguay
95%
1930 Uruguay
95%
1966 Angleterre
91%
Aucun quiz correspondant
Distribution des résultats
% des personnes avec chaque résultat
Percentile par nombre de réponses
Votre historique - résultats
Vous n’avez pas pris ce quiz